| 000 | 00347 a2200133 4500 | ||
|---|---|---|---|
| 003 | OSt | ||
| 005 | 20180116182707.0 | ||
| 008 | 160518b xxu||||| |||| 00| 0 eng d | ||
| 040 | _c0 | ||
| 100 | _aChaudhri Muhammad Ali | ||
| 245 | _aThe Emergence of Pakistan. | ||
| 260 |
_aResearch Society of Pakistan _c1998. |
||
| 942 |
_aNBS _cBK _k954.91 ALI _2ddc |
||
| 999 |
_c344201 _d344201 |
||